Bárbaros.

Una serie de viajes que nos llevan a la despiadada época de los Barbaros, una etapa de guerra continua, de conquista y de choque encarnizado entre antiguas civilizaciones. Historias que exploran las fuerzas oscuras de la expansión tribal. Hordas bárbaras que se lanzan contra las civilizaciones del m...

Full description

Bibliographic Details
Corporate Author: History Channel
Format: VHS
Language:Spanish
Published: Estados Unidos History Channel 2005
Subjects:

MARC

LEADER 00000cgm a2200000 a 4500
001 030755
003 UAHC_CL
005 20170803123243.0
008 110903s1974 xxu 000 spa
040 |a UAHC_CL  |c UAHC_CL  |d UAHC_CL 
245 1 0 |a Bárbaros. 
260 |b History Channel  |c 2005  |a Estados Unidos 
300 |a 8 videodisco (400 min. aprox.) 
505 0 |a DVD 1: Vikingos\DVD 2: Mongoles\DVD 3: Lombardos\DVD 4: Vándalos\DVD 5: Godos\DVD 6: Hunos\DVD 7: Francos\DVD 8: Sajones 
520 |a Una serie de viajes que nos llevan a la despiadada época de los Barbaros, una etapa de guerra continua, de conquista y de choque encarnizado entre antiguas civilizaciones. Historias que exploran las fuerzas oscuras de la expansión tribal. Hordas bárbaras que se lanzan contra las civilizaciones del momento ya asentadas. 
650 4 |a documentales historicos 
710 1 |a History Channel 
900 |a DVD-482 
942 |c VHS 
952 |0 0  |1 0  |4 0  |6 DVD_482  |7 0  |8 Referencia  |9 60126  |a BC  |b BC  |c Referencia  |d 2017-08-03  |l 1  |m 1  |o DVD-482  |p 1385615  |r 2022-01-14 00:00:00  |s 2018-08-27  |t 1  |w 2017-08-03  |y DVD 
999 |c 30755  |d 30755